[Event "Las Vegas National op"]
[Site "Las Vegas"]
[Date "2024.06.08"]
[Round "6"]
[White "Rorrer, Grayson"]
[Black "Corrales Jimenez, Fidel"]
[Result "1-0"]
[WhiteElo "2409"]
[BlackElo "2545"]
[PlyCount "163"]
[EventDate "2024.06.03"]
[EventType "swiss"]
[EventRounds "9"]
[EventCountry "USA"]
[SourceTitle "CBM 220 Extra"]
[Source "ChessBase"]
[SourceDate "2024.07.31"]
[SourceVersion "1"]
[SourceVersionDate "2024.07.31"]
[SourceQuality "1"]

1. e4 c5 2. Nf3 d6 3. d4 cxd4 4. Nxd4 Nf6 5. Nc3 Nc6 6. Bg5 Bd7 7. Qd2 a6 8. 0-0-0 e6 9. f4 Be7 10. Nf3 h6 11. Bxf6 gxf6 12. Bd3 Qa5 13. Kb1 0-0-0 14. Rhe1 Kb8 15. a3 Rc8 16. Bc4 Rc7 17. Ba2 Rhc8 18. Ne2 Qb6 19. Ka1 Na5 20. Qb4 Bb5 21. Qd4 Qxd4 22. Nexd4 Ba4 23. Rd2 Bd7 24. f5 e5 25. Ne2 Nc4 26. Bxc4 Rxc4 27. Nc3 Bc6 28. Rd3 Bf8 29. Nd2 Rd4 30. Rxd4 exd4 31. Ne2 b5 32. Nxd4 Ba8 33. Kb1 Re8 34. N4f3 h5 35. c3 Bh6 36. Kc2 Bb7 37. Kd3 d5 38. exd5 Rd8 39. Nd4 Bxd5 40. g3 Bf8 41. Kc2 Ka7 42. b4 Kb6 43. Kd3 Rc8 44. Rc1 Bh6 45. c4 Ka7 46. Rc2 bxc4+ 47. Nxc4 Rd8 48. Ne3 Bb3 49. Rc3 Ba4 50. Rc7+ Kb8 51. Rxf7 h4 52. Ke4 hxg3 53. hxg3 Bg5 54. Nd5 Re8+ 55. Re7 Rxe7+ 56. Nxe7 Bc1 57. Kd5 Bxa3 58. Kc4 Be8 59. Nd5 Bf7 60. Nc6+ Kc8 61. Kc5 Bb2 62. Nd4 Bxd5 63. Kxd5 Kc7 64. Kc5 Bc1 65. Ne6+ Kb7 66. Nd8+ Kc7 67. Ne6+ Kb7 68. Kc4 Kb6 69. Nc5 Ka7 70. Nd7 Bb2 71. Kd5 Bc3 72. Ke6 Bxb4 73. Nxf6 a5 74. Nd5 Bf8 75. g4 Kb7 76. f6 Bh6 77. Kf5 Kc6 78. g5 Bf8 79. Nc3 Kd7 80. g6 Ke8 81. Ke6 a4 82. g7 1-0

[Event "Las Vegas National op"]
[Site "Las Vegas"]
[Date "2024.06.08"]
[Round "5"]
[White "Yan, Nathan"]
[Black "Rorrer, Grayson"]
[Result "0-1"]
[WhiteElo "2200"]
[BlackElo "2409"]
[PlyCount "100"]
[EventDate "2024.06.03"]
[EventType "swiss"]
[EventRounds "9"]
[EventCountry "USA"]
[SourceTitle "CBM 220 Extra"]
[Source "ChessBase"]
[SourceDate "2024.07.31"]
[SourceVersion "1"]
[SourceVersionDate "2024.07.31"]
[SourceQuality "1"]

1. e4 c5 2. Nf3 d6 3. d4 cxd4 4. Nxd4 Nf6 5. Nc3 a6 6. Be3 e5 7. Nf3 Be7 8. Bc4 Be6 9. Bb3 0-0 10. 0-0 b5 11. Re1 Qc8 12. Bg5 Nbd7 13. Nd5 Bxd5 14. exd5 Nb6 15. c3 Qb7 16. Nh4 g6 17. Qf3 Nh5 18. Bxe7 Qxe7 19. Nf5 Qf6 20. Nh6+ Kg7 21. Qe3 Rab8 22. Ng4 Qh4 23. Qh6+ Kh8 24. Ne3 f5 25. Bc2 Qf4 26. Qxf4 exf4 27. Nf1 Rfe8 28. Rad1 Nf6 29. Re6 Rxe6 30. dxe6 d5 31. Rd4 Re8 32. Rxf4 Rxe6 33. Rd4 Nc4 34. b3 Na3 35. Bd1 Nb1 36. Rd3 Rc6 37. g3 Nxc3 38. Bf3 Nxa2 39. Bxd5 Rd6 40. Bc4 Rxd3 41. Bxd3 Nc1 42. Bc2 Ne2+ 43. Kg2 Nd4 44. Bd1 Nd5 45. Nd2 Nc3 46. Bf3 Kg7 47. Bb7 a5 48. f4 a4 49. bxa4 bxa4 50. Nc4 Ncb5 0-1

[Event "Titled Tuesday intern op 23rd Jan Late"]
[Site "Chess.com INT"]
[Date "2024.01.23"]
[Round "5"]
[White "Rorrer, Grayson"]
[Black "Chan, Luis"]
[Result "1-0"]
[WhiteElo "2396"]
[BlackElo "2147"]
[PlyCount "63"]
[EventDate "2024.01.23"]
[EventType "swiss (blitz)"]
[EventRounds "11"]
[EventCountry "USA"]
[SourceTitle "CBM 218 Extra"]
[Source "ChessBase"]
[SourceDate "2024.03.31"]
[SourceVersion "1"]
[SourceVersionDate "2024.03.31"]
[SourceQuality "1"]

1. d4 d6 2. e4 Nf6 3. Bd3 c5 4. dxc5 dxc5 5. e5 Nd5 6. f4 Nc6 7. c3 g6 8. Nf3 Bg4 9. 0-0 Bg7 10. h3 Bxf3 11. Qxf3 0-0 12. Nd2 Qd7 13. Ne4 b6 14. Bd2 Rfd8 15. Rad1 a6 16. Bc1 e6 17. Nd6 Bxe5 18. fxe5 Nxe5 19. Qg3 Qxd6 20. Be4 Nc4 21. Qf2 Qc7 22. b3 Nd6 23. Bf3 Ra7 24. c4 Nb4 25. Bg5 Rd7 26. Bf4 Qd8 27. a3 Nf5 28. axb4 cxb4 29. Be5 a5 30. Ba1 f6 31. g4 Ng7 32. Bd4 1-0

[Event "Titled Tuesday intern op 23rd Jan Late"]
[Site "Chess.com INT"]
[Date "2024.01.23"]
[Round "6"]
[White "Rorrer, Grayson"]
[Black "Dominguez Perez, Leinier"]
[Result "0-1"]
[WhiteElo "2396"]
[BlackElo "2752"]
[PlyCount "86"]
[EventDate "2024.01.23"]
[EventType "swiss (blitz)"]
[EventRounds "11"]
[EventCountry "USA"]
[SourceTitle "CBM 218 Extra"]
[Source "ChessBase"]
[SourceDate "2024.03.31"]
[SourceVersion "1"]
[SourceVersionDate "2024.03.31"]
[SourceQuality "1"]

1. d4 Nf6 2. c4 e6 3. g3 d5 4. Bg2 dxc4 5. Nf3 a6 6. 0-0 Nc6 7. Bg5 Be7 8. e3 Bd7 9. Qc1 b5 10. Nbd2 Nd5 11. Bxe7 Ndxe7 12. b3 cxb3 13. Nxb3 0-0 14. Nc5 Be8 15. Qc2 Nb4 16. Qb3 Nbd5 17. Rfc1 a5 18. Ne5 a4 19. Qd3 Ng6 20. Nf3 Ra7 21. h4 h6 22. Nd2 Nge7 23. Rab1 Bc6 24. Nf3 Nb6 25. e4 Nc4 26. Nd2 Nxd2 27. Qxd2 Qa8 28. Qb4 Qd8 29. Rd1 Ra8 30. Rd2 Qd6 31. Rbd1 Rab8 32. a3 Rfd8 33. Qc3 b4 34. axb4 Bb5 35. d5 exd5 36. exd5 Qb6 37. Qe5 Nc8 38. Qc3 Nd6 39. Bf1 Bxf1 40. Rxf1 Ra8 41. Nd3 a3 42. Ra1 Ra4 43. Nc5 Rxb4 0-1

[Event "Austin AGCA GM"]
[Site "Austin"]
[Date "2024.01.15"]
[Round "9"]
[White "Mista, Aleksander"]
[Black "Rorrer, Grayson"]
[Result "1/2-1/2"]
[WhiteElo "2491"]
[BlackElo "2396"]
[PlyCount "94"]
[EventDate "2024.01.11"]
[EventType "tourn"]
[EventRounds "9"]
[EventCountry "USA"]
[EventCategory "7"]
[SourceTitle "CBM 218 Extra"]
[Source "ChessBase"]
[SourceDate "2024.03.31"]
[SourceVersion "1"]
[SourceVersionDate "2024.03.31"]
[SourceQuality "1"]

1. e4 c5 2. Nf3 d6 3. d4 cxd4 4. Nxd4 Nf6 5. Nc3 a6 6. Be3 e5 7. Nb3 Be6 8. Qd2 Nbd7 9. 0-0-0 b5 10. f3 h5 11. Kb1 Rc8 12. Nd5 Bxd5 13. exd5 Nb6 14. Qa5 Nbxd5 15. Bf2 Qc7 16. Rc1 Qxa5 17. Nxa5 Nc7 18. c4 Kd7 19. Bd3 g6 20. Rhd1 Bh6 21. Rc2 Ke6 22. Nc6 bxc4 23. Bxc4+ d5 24. Bb3 Nb5 25. Re1 Nd7 26. Bxd5+ Kf6 27. a4 Nd6 28. Rd1 Nf5 29. Bxf7 Nb8 30. Bd5 Ne3 31. Bxe3 Bxe3 32. Nxb8 Rxb8 33. Rc6+ Kg7 34. Rxa6 Rhd8 35. b3 Rbc8 36. Re6 Rc5 37. Rxe5 Bf4 38. Re4 Bxh2 39. Red4 Be5 40. R4d3 Kh6 41. Be4 Rb8 42. Rc1 Rxc1+ 43. Kxc1 Rc8+ 44. Kb1 Bf4 45. Rd1 Rc5 46. Ka2 Rg5 47. a5 Rxa5+ 1/2-1/2

[Event "Austin AGCA GM"]
[Site "Austin"]
[Date "2024.01.15"]
[Round "8"]
[White "Rorrer, Grayson"]
[Black "Eidelman, Gabriel"]
[Result "1/2-1/2"]
[WhiteElo "2396"]
[BlackElo "2343"]
[PlyCount "117"]
[EventDate "2024.01.11"]
[EventType "tourn"]
[EventRounds "9"]
[EventCountry "USA"]
[EventCategory "7"]
[SourceTitle "CBM 218 Extra"]
[Source "ChessBase"]
[SourceDate "2024.03.31"]
[SourceVersion "1"]
[SourceVersionDate "2024.03.31"]
[SourceQuality "1"]

1. e4 e5 2. Nf3 Nc6 3. Bb5 a6 4. Ba4 Nf6 5. 0-0 d6 6. Re1 g6 7. Bxc6+ bxc6 8. d4 Nd7 9. dxe5 dxe5 10. Nbd2 f6 11. Nb3 Nc5 12. Qxd8+ Kxd8 13. Na5 Nb7 14. Rd1+ Ke8 15. Nxb7 Bxb7 16. Be3 Bc8 17. Ne1 a5 18. b3 Bd6 19. Nd3 a4 20. Nb2 axb3 21. axb3 Rxa1 22. Rxa1 Rf8 23. f3 Ke7 24. Nd3 Ke6 25. Kf2 Bd7 26. b4 Rb8 27. Ke2 h5 28. c3 Be8 29. Bc5 Rb7 30. Ra8 Bf7 31. Be3 Ke7 32. Nc5 Bc4+ 33. Kf2 Rb6 34. h4 f5 35. g3 Kf7 36. Rc8 Ke7 37. Rh8 fxe4 38. fxe4 Kf7 39. Kf3 Bxc5 40. Bxc5 Ra6 41. Rh7+ Kg8 42. Rxc7 Ra3 43. Rxc6 Rxc3+ 44. Kf2 Rc2+ 45. Ke1 Kf7 46. Rc7+ Ke6 47. Re7+ Kf6 48. Rb7 Re2+ 49. Kd1 Rxe4 50. b5 Bd5 51. Rd7 Be6 52. Rc7 Bg4+ 53. Kd2 Re2+ 54. Kd3 Rb2 55. b6 Ke6 56. Kc3 Rb5 57. Be3 Bf3 58. Rg7 Kf6 59. Rd7 1/2-1/2

[Event "Austin AGCA GM"]
[Site "Austin"]
[Date "2024.01.14"]
[Round "6"]
[White "Rorrer, Grayson"]
[Black "Narayanan, Samrug"]
[Result "1/2-1/2"]
[WhiteElo "2396"]
[BlackElo "2288"]
[PlyCount "76"]
[EventDate "2024.01.11"]
[EventType "tourn"]
[EventRounds "9"]
[EventCountry "USA"]
[EventCategory "7"]
[SourceTitle "CBM 218 Extra"]
[Source "ChessBase"]
[SourceDate "2024.03.31"]
[SourceVersion "1"]
[SourceVersionDate "2024.03.31"]
[SourceQuality "1"]

1. d4 d5 2. c4 e6 3. Nf3 Nf6 4. g3 Be7 5. Bg2 0-0 6. 0-0 dxc4 7. Qc2 a6 8. a4 Bd7 9. Qxc4 Bc6 10. Bg5 Nbd7 11. Nc3 a5 12. e3 h6 13. Bxf6 Nxf6 14. Qe2 Bb4 15. Rfd1 Qe7 16. Nb5 Rfd8 17. Rac1 Bxf3 18. Bxf3 c6 19. Nc3 e5 20. dxe5 Qxe5 21. Rc2 Rd7 22. Rxd7 Nxd7 23. Na2 Bf8 24. Rd2 Nc5 25. Qd1 g6 26. h4 h5 27. Kg2 Be7 28. Nc1 Qc7 29. Nd3 Nxd3 30. Rxd3 Rd8 31. Rxd8+ Qxd8 32. Qb3 Bb4 33. Be2 Qe7 34. Qc2 Kg7 35. Bc4 Qe5 36. Qe2 Qe4+ 37. Kg1 Qb1+ 38. Kg2 Qe4+ 1/2-1/2

[Event "Austin AGCA GM"]
[Site "Austin"]
[Date "2024.01.12"]
[Round "2"]
[White "Rorrer, Grayson"]
[Black "Wang, Tianqi"]
[Result "1/2-1/2"]
[WhiteElo "2396"]
[BlackElo "2367"]
[PlyCount "74"]
[EventDate "2024.01.11"]
[EventType "tourn"]
[EventRounds "9"]
[EventCountry "USA"]
[EventCategory "7"]
[SourceTitle "CBM 218 Extra"]
[Source "ChessBase"]
[SourceDate "2024.03.31"]
[SourceVersion "1"]
[SourceVersionDate "2024.03.31"]
[SourceQuality "1"]

1. d4 d5 2. c4 e6 3. Nf3 c6 4. e3 f5 5. Bd3 Bd6 6. b3 Nf6 7. Bb2 0-0 8. 0-0 Bd7 9. Ne5 Be8 10. Nd2 Nbd7 11. a3 Bh5 12. Be2 Bxe2 13. Qxe2 Qc7 14. f4 Qd8 15. b4 dxc4 16. Nexc4 Nb6 17. e4 Bc7 18. exf5 exf5 19. Qe6+ Kh8 20. Ne5 Na4 21. Qb3 Nxb2 22. Qxb2 Bb6 23. Nef3 Qd5 24. Rfe1 Ne4 25. Re2 Rad8 26. Rae1 Rfe8 27. Nb3 Re7 28. Nc5 Rde8 29. Ne5 Kg8 30. Qb3 Nf6 31. Qxd5+ Nxd5 32. g3 a5 33. Rb2 axb4 34. axb4 Nc3 35. Rb3 Nb5 36. Rd3 g6 37. Kf1 Kg7 1/2-1/2